000 00439nam a22001817a 4500
003 MPLRDC
005 20220104124122.0
008 210129b ||||| |||| 00| 0 eng d
020 _a983-99626-0-4
082 _a868.71 HSZ c.2
100 _a黄素珍
245 _a流传与沟通
_c
250 _a初版
260 _a
_b马来西亚华人文化协会
_c1989
300 _b
650 _a马华文学
942 _cBK
_o868.71 HSZ c.2
999 _c16786
_d16776